Principles of web design

Đã lưu trong:
書目詳細資料
主要作者:  Sklar, Joel
格式: Sách
語言:Undetermined
出版:  Thomson Course technology  2006
主題:
標簽: 添加標簽
沒有標簽, 成為第一個標記此記錄!
Thư viện lưu trữ: Trung tâm Thư viện - Trường Đại học Công nghiệp TP. Hồ Chí Minh
LEADER 00460nam a2200157Ia 4500
001 UIH_06846
008 231011s9999 xx 000 0 und d
082 |a  006.7 
100 |a  Sklar, Joel 
245 0 |a  Principles of web design 
245 0 |c  Sklar, Joel 
260 |b  Thomson Course technology 
260 |c  2006 
650 |a  Web sites;  
927 |a Sách 
980 |a Trung tâm Thư viện - Trường Đại học Công nghiệp TP. Hồ Chí Minh